|
|
|
|
| LEADER |
00000nam2a2200000 4500 |
| 001 |
125292 |
| 005 |
20231101215924.0 |
| 035 |
|
|
|a (RuTPU)RU\TPU\book\135577
|
| 090 |
|
|
|a 125292
|
| 100 |
|
|
|a 20071114d1965 km y0rusy50 ca
|
| 101 |
0 |
|
|a rus
|
| 102 |
|
|
|a RU
|
| 105 |
|
|
|a a j 001zy
|
| 200 |
0 |
|
|a Т. 1
|
| 210 |
|
|
|d 1965
|
| 215 |
|
|
|a 518 с.
|c ил.
|
| 320 |
|
|
|a Предметный указатель: с. 490-518.
|
| 461 |
|
1 |
|0 (RuTPU)RU\TPU\book\145108
|t Основы общей химии
|o в 3 т.
|f Б. В. Некрасов
|v Т. 1
|d 1965
|
| 606 |
1 |
|
|a Химия общая
|2 stltpush
|3 (RuTPU)RU\TPU\subj\67862
|9 83510
|
| 610 |
1 |
|
|a атомно-молекулярная теория
|
| 610 |
1 |
|
|a воздух
|
| 610 |
1 |
|
|a кислород
|
| 610 |
1 |
|
|a вещество
|
| 610 |
1 |
|
|a водород
|
| 610 |
1 |
|
|a растворы
|
| 610 |
1 |
|
|a периодическая система элементов
|
| 610 |
1 |
|
|a учебные пособия
|
| 610 |
1 |
|
|a строение
|
| 675 |
|
|
|a 54(075.8)
|v 3
|
| 801 |
|
1 |
|a RU
|b 63413507
|c 20071114
|g PSBO
|
| 801 |
|
2 |
|a RU
|b 63413507
|c 20150922
|g PSBO
|
| 942 |
|
|
|c BK
|